El estudio, activo trabajo intelectual (Registro nro. 139)

Detalles MARC
000 -Cabecera
Campo de control de longitud fija 00587aam a2200241 4500
005 - Fecha y hora de la última transacción
Campo de control 20260422161635.0
008 - Elementos de longitud fija--Información general
Campo de control de longitud fija 150721b1991 xxu||||| |||| 00| 0 spa d
020 ## - International Standard Book Number
Número Internacional Estándar del Libro (ISBN) 9977647011
041 ## - Idioma
Código de idioma Español
082 ## - Clasificación Decimal Dewey
Número de clasificación 370.156 B982e2
100 ## - Entrada principal--Autor personal
Nombre personal Bustos Arratia, Myriam
9 (RLIN) 14949
245 ## - Título propiamente dicho
Título El estudio, activo trabajo intelectual
250 ## - Edición
Mención de edición 2 edición
260 ## - Pie de imprenta
Lugar de publicación, distribución, etc. Costa Rica
260 ## - Pie de imprenta
Nombre del editor, distribuidor, etc. EUNED
260 ## - Pie de imprenta
Fecha de publicación, distribución, etc. 1991
300 ## - Descripción física
Extensión 354 páginas
490 ## - Serie
Título de la Serie Temática General
650 ## - Materia general
Temática (materia general) COSTA RICA
650 ## - Materia general
Temática (materia general) APRENDIZAJE
650 ## - Materia general
Temática (materia general) TRABAJO INTELECTUAL
942 ## - Punto de acceso adicional KOHA
Tipo de ítem KOHA Libro
Fuente del sistema de clasificación o colocación Dewey Decimal Classification
Existencias
Signatura completa Código de barras Tipo de ítem Programa Académico
370.156 B982e 1613 Libro  
370.156 B982e 642 Libro  
370.156 B982e2 8996 Libro Temática General